00347nam a22000977a 4500008004100000082002000041100002100061245011900082260003900201300000900240230620b xxu||||| |||| 00| 0 eng d a305.8bRAM 1984 cT. G. Ramamurthi aFight Against ApartheidbIndia's Pioneering Role in the World Campaign AgaistRacial Discrimination in South Africa aIndia bABC Publishing Housec1984 a191p